00741nam a2200193 a 450000100100000000500170001000800410002704000250006808200190009310000400011224500700015226000440022230000280026649000270029450000570032183000340037895201180041299900170053000004297420201002040536.0140213s1972 sp a 000 0 spa d aDO-SdBNPbspacBNPHU axxxxxxbxxxxxx1 aMarqueríe, Alfredo,d1907-97046610aCincuenta Personajes del teatro universal /cAlfredo Marqueríe. aMadrid, :bMagisterio español,c1972. a329 p. :bil. ;c18 cm.1 aNovelas y cuentosv109 aIncluye datos biográficos del autor en la cubierta 0aNovelas y cuentosn109970467 0010507-18MOaGRbGRcOId2014-02-13iLF1l0oxxxxxx xxxxxxp42974-10r2020-06-25w2020-06-25y1ZNo se presta c42463d42463